000 00391nam a22001577a 4500
005 20251108175138.0
008 250721s1991 xx 000 0 eng d
082 1 4 _aF/MAR
100 1 _aMartin, Les
245 1 0 _aYoung Indiana Jones /
264 1 _aNew York :
_bAn imprint of puffin enterprises,
_c1991.
300 _a106 P.
650 1 7 _aFICTION
942 _2ddc
_cBK
999 _c127260
_d127260